00296pab a2200121 454500008004000000100001500040245005300055260000900108300001300117362000800130650002100138773001500159180718b2014 xxu||||| |||| 00| 0 eng d aLeigh, Ian aLocal government and political constitutionalism c2014 ap.43-55. aJan aLocal government aPublic Law